Statistics for DC and Marvel Heroes and Villians

Click here to take the quiz!

General Stats

  • This quiz has been taken 24,940 times
    (23,688 since last reset)
  • The average score is 101 of 350

Answer Stats

HintAnswer% Correct
Bruce WayneBatman
99%
Terry McGinnisBatman Beyond
99%
Clark KentSuperman
98%
Tony StarkIron Man
96%
Bruce BannerHulk
95%
Peter ParkerSpider Man
95%
Steve RogersCaptain America
93%
Jay GarrickFlash
93%
Barry AllenFlash II
93%
Bart AllenImpulse
93%
Wally WestKid Flash
93%
Diana PrinceWonder Woman
93%
Hank HallHawk
89%
Dick GreysonNightwing
87%
Clint BartonHawkeye
86%
Jason ToddRed Hood
86%
Tim DrakeRed Robin
86%
Damain WayneRobin
86%
Carrie KelleyRobin V
86%
God of ThunderThor
81%
Wade W WilsonDeadpool
80%
Selina KyleCatwoman
79%
Oliver QueenGreen Arrow
79%
James HowlettWolverine
78%
T'ChallaBlack Panther
77%
Matt MurdockDaredevil
77%
Norman OsbornGreen Goblin
76%
Alan Scott | Guy Gardner | Hal Jordan | +2 othersGreen Lantern
76%
God of MischiefLoki
76%
Barbara GordonBatgirl
75%
Johnny StormHuman Torch
75%
Reed RichardsMr Fantastic
75%
Professor XaiverProfessor X
75%
Ben GrimmThe Thing
75%
Henry (Hank) PymGiant Man
74%
Monica Chang | Natasha Romanoff | Yelena BelovaBlack Widow
73%
Stephen StrangeDr Strange
73%
Ruler of the Seven SeasAquaman
72%
Jack NapierJoker
72%
Eddie BrockVenom
72%
Cassandra Cain | Stephanie BrownBatgirl
70%
Cassandra CainBatgirl II
70%
Stephanie BrownBatgirl III
70%
Hank McCoyBeast
70%
Victor Von DoomDr Doom
70%
Scott SummersCyclops
69%
Susan StormInvisible Woman
68%
Head of S.H.I.E.L.DNick Fury
68%
Ororo MunroeStorm
68%
Billy BatsonCaptain Marvel
67%
Johnny BlazeGhost Rider
66%
Pietro MaximoffQuicksilver
66%
Harleen QuinzelHarley Quinn
65%
Ruler of AsgardOdin
64%
Daughter of Magneto and sister of QuicksilverScarlet Witch
62%
Kara Zor-ElSupergirl
61%
Captain Mar-VellCaptain Marvel
59%
Otto OctaviusDoctor Octopus
59%
Head of LexCorpLex Luthor
59%
Carol DanversMs Marvel
59%
Harvey DentTwo-Face
59%
Janet van DyneWasp
59%
Oswald CobblepotPenguin
58%
Slade T WilsonDeathstroke
56%
Victor StoneCyborg
55%
Max EisenhardtMagneto
53%
"Mad Titan"Thanos
53%
Wizard that gives Billy Batson powers by shouting his nameShazam
52%
James RhodesWar Machine
51%
Edward NigmaRiddler
50%
Sam WilsonFalcon
49%
Norrin RaddSilver Surfer
49%
Tora OlafsdotterIce
48%
J'onn J'onzzMartian Manhunter
48%
Elektra NatchiosElektra
47%
Raven RothRaven
47%
Conner KentSuperboy
47%
Evil robot built by Hank PymUltron
47%
Frank CastleThe Punisher
46%
Bobby DrakeIceman
44%
Johann SchmidtRed Skull
44%
God of WarAres
43%
Danny RandIron Fist
43%
Wilson FiskKingpin
43%
Kurt WagnerNightcrawler
43%
Jonathan CraneScarecrow
43%
Ruler of AtlantisNamor
42%
Dinah DrakeBlack Canary
41%
Dinah LanceBlack Canary II
41%
Floyd LawtonDeadshot
41%
Pamela Lillian IsleyPoison Ivy
41%
Ray PalmerAtom
40%
Garfield LoganBeast Boy
40%
Leader of the League of AssassinsRa's al Ghul
40%
Beatriz Bonilla da CostaFire
39%
Victor FriesMr Freeze
39%
Anna MarieRogue
39%
Jessica DrewSpider Woman
39%
Curt ConnersLizard
36%
Cletus KasadyCarnage
35%
Peter Nikolaievitch RasputinColossus
35%
Shayera HolHawkgirl
35%
Raven DarkholmeMystique
35%
Koriand'rStarfire
35%
Warren Worthington IIIAngel
34%
Kathy/Kate KaneBatwoman
34%
Carter HallHawkman
34%
Luke CagePower Man
34%
Thunderbolt RossRed Hulk
34%
Roy HarperRed Arrow
33%
Jennifer WaltersShe Hulk
33%
Wielder of the Yellow Power RingSinestro
33%
Zatanna ZataraZatanna
33%
Rent LeBeauGambit
32%
William BakerSandman
32%
Monster that killed SupermanDoomsday
31%
Maxwell DillonElectro
31%
GroddGorilla Grodd
31%
Marc SpectorMoon Knight
31%
Daughter of Ra'sTalia al Ghul
31%
DorranceBane
30%
Teth-AdamBlack Adam
30%
Quentin BeckMysterio
30%
Victor ShadeVision
30%
Leonard SnartCaptain Cold
29%
Emil BlonskyAbomination
28%
Dan Garret | Jaime Reyes | Ted KordBlue Beetle
28%
Alex SummersHavok
28%
En Sabah NurApocalypse
26%
Ronnie Raymond/Martin SteinFirestorm
26%
Victor CreedSabretooth
26%
The White QueenEmma Frost
25%
Waylon JonesKiller Croc
25%
Cassie Sandsmark | Donna TroyWonder Girl
25%
David (Enemy of Aquaman)Black Manta
24%
Nathan SummersCable
24%
Kitty PrydeShadowcat
24%
Adrian ToomesVulture
24%
Eric BrooksBlade
23%
UxasDarkseid
23%
Dru-ZodGeneral Zod
23%
Cain MarkoJuggernaut
23%
Aleksei Mikhailovich SytsevichRhino
23%
Jean GreyMarvel Girl
22%
Kent ClarkBizarro
21%
Demon that creates Ghost RiderMephisto
21%
Basil Jamal KarloClayface
20%
Kent NelsonDoctor Fate
20%
GarthAqualad
19%
Barbara Ann MinervaCheetah
19%
Helena BertinelliHuntress
19%
Crystal FrostKiller Frost
19%
Jake FuryScorpio
19%
Mark ScarlottiWhiplash
19%
Daredevil's Best FriendFoggy Nelson
18%
GalanGalactus
18%
Ulysses KlawKlaw
18%
M'gann M'orzzMiss Martian
18%
Roman SionsisBlack Mask
17%
Fred DukesBlob
17%
Arthur LightDr Light
17%
Speed twin, '+' in SpanishMas
17%
Richard RiderNova
17%
Mortimer ToynbeeToad
17%
Lucas BishopBishop
16%
Leader of the Brotherhood of EvilBrain
16%
Arkham PsychicatristHugo Strange
16%
Thomas ElliotHush
16%
Alien Bounty HunterLobo
16%
Cyrus GoldSolomon Grundy
16%
Michael Jon CarterBooster Gold
15%
Sebastian BloodBrother Blood
15%
Ralph DibnyElongated Man
15%
Mick RoryHeat Wave
15%
Jervis TetchMad Hatter
15%
Speed twin, '-' in SpanishMenos
15%
Saint-John AllerdycePyro
15%
Raquel ErvinRocket
15%
Mac GarganScorpion
15%
Colonel bent on killing all mutantsWilliam Stryker
15%
Sean CassidyBanshee
14%
LesterBullseye
14%
Brian BraddockCaptain Britain
14%
Don HallDove
14%
Gunslinging, time-traveling, cowboy DC heroJonah Hex
14%
Sergei KravinoffKraven the Hunter
14%
Scott FreeMr Miracle
14%
Charles Victor SzaszQuestion
14%
Renee MontoyaQuestion II
14%
John Henry IronsSteel
14%
Artemis CrockArtemis
13%
Dr Strange's NemisisBaron Mordo
13%
Vril DoxBrainiac
13%
KangKang the Conqueror
13%
Xin XhangMandarin
13%
Medusalith Amaquelin BoltagonMedusa
13%
George TarletonMODOK
13%
Nathaniel EssexMr Sinister
13%
Patrick O' BrianPlastic Man
13%
Betsy BraddockPsylocke
13%
John SmithRed Tornado
13%
AmoraEnchantress
12%
Garfield LynnsFirefly
12%
Lorna DanePolaris
12%
Kenuichio HaradaSilver Samurai
12%
UatuThe Watcher
12%
Giovanni ZataraZatara
12%
Nathaniel Christopher AdamCaptain Atom
11%
Alex Nevsky | Anton Vanko | Boris Turgenov | +7 othersCrimson Dynamo
11%
Hank HenshawCyborg Superman
11%
Muntant that can build any machineForge
11%
Carol FarrisStar Sapphire
11%
Head scientist for the Nazi partyBaron Zemo
10%
Jefferson PierceBlack Lightning
10%
Boston BrandDeadman
10%
Yuriko OyamaLady Deathstrike
10%
Thomas Wayne JrOwlman
10%
Virgil HawkingsStatic Shock
10%
Tara MarkovTara
10%
Deever TweedTweedledee
10%
Dumfree TweedTweedledum
10%
Ava AyalaWhite Tiger
10%
Carl CreelAbsorbing Man
9%
Tyrone JohnsonCloak
9%
Tandy BowenDagger
9%
Jason BloodEtrigan
9%
SkurgeExecutioner
9%
Tony MastersTaskmaster
9%
Clark LuthorUltraman
9%
Ted GrantWildcat
9%
Andromeda AttumasenAndromeda
8%
TulaAquagirl
8%
New God, married to Mr MiracleBig Barda
8%
Wonder Woman villian based off Greek mythologyCirce
8%
M'BakuMan-Ape
8%
Cousin of NamorNamorita
8%
Superman from the Earth-PrimeSuperboy-Prime
8%
Rose WilsonThe Ravager
8%
Vandar AdgVandal Savage
8%
Nate GreyX-Man
8%
Buddy BakerAnimal Man
7%
Balder OdinsonBalder
7%
Querl DoxBrainiac 5
7%
Karen DuncanBumblebee
7%
Maya LopezEcho
7%
Evil counterpart of the Flash of Earth-3Johnny Quick
7%
Sister of HeimdallLady Sif
7%
Samuel Joseph ScudderMirror Master
7%
Queen of BialyaQueen Bee
7%
AztarSpectre
7%
Shiro YoshidaSunfire
7%
Winslow SchottToyman
7%
Mal DuncanVox
7%
YanAncient One
6%
Owner of MurderworldArcade
6%
Son of MephistoBlackheart
6%
Alison BlaireDazzler
6%
B'arzz O'oommGreen Beetle
6%
Morris BenchHydro-Man
6%
Joseph WilsonJericho
6%
Cameron van CleerKiller Moth
6%
Sandra WoosanLady Shiva
6%
La'gannLagoon Boy
6%
John Wayne CorbenMetallo
6%
Siobhan McDougalSilver Banshee
6%
Kl'rtSuper-Skrull
6%
Phineas MasonTinkerer
6%
James ProudstarWarpath
6%
Bentley WittmanWizard
6%
Bonnie King | Cissie King-JonesArrowette
5%
Rita DaytonElasti-Girl
5%
Doris ZeulGiganta
5%
Dorrek VIIIHulkling
5%
Karla SofenMoonstone
5%
HarroldsPower Ring
5%
Lawrence CrockSportsmaster
5%
Father of AndromedaAttuma
4%
Mark DesmondBlockbuster
4%
Sam Zachary GuthrieCannonball
4%
MakluanFing Fang Foom
4%
Gemini De MilleGemini
4%
Parker RobbinsHood
4%
Larry TrainorNegative Man
4%
Raymond JensenParasite
4%
Judas IscariotPhantom Stranger
4%
Megan GwynnPixie
4%
Lazlo ValentinProfessor Pyg
4%
Cliff SteeleRobotman
4%
Mary MacPherranTitania
4%
Lonnie MachinAnarky
3%
Simon WaltersBeta Ray Bill
3%
Noah KuttlerCalculator
3%
Mikron O'JeneusGizmo
3%
Paul Pierre DuvalGrey Gargoyle
3%
ArnusIcon
3%
Bolovax VicKilowog
3%
Arthur ParksLiving Laser
3%
Arthur CentinoLongshot
3%
Laura De MilleMadame Rouge
3%
Alison CrestmereMagma
3%
Margaret PyeMagpie
3%
Baran FlindersMammoth
3%
Gorilla owned by llMonsieur Mallah
3%
Humberto LopezReptil
3%
Melissa GoldSongbird
3%
Niles CaulderThe Chief
3%
Eliot FranklinThunderball
3%
Member of the Frightful FourThundra
3%
Todd ArlissTiger Shark
3%
Great White WhaleTobias Whale
3%
Tomek Ovadya MorahT.O. Morrow
3%
Peter PetruskiTrapster
3%
Dirk GarthwaiteWrecker
3%
Irwin SchwabAmbush Bug
2%
Henry CampBulldozer
2%
Cal'syee Neramani-SummersDeathbird
2%
Ricky CaluskyExcavator
2%
Davida DeVitoLascivious
2%
Prime Minister of LatveriaLucia Von Bardas
2%
Clifford ZmekMajor Force
2%
Steve DayltonMento
2%
Calvin Montgomery RankinMimic
2%
Brian Philip CaluskyPiledriver
2%
Simon JonesPsimon
2%
Selinda FlindersShimmer
2%
Philip ReardonTen-Eyed Man
2%
Mercedes MercedThe Org
2%
Samuel RegisterZookeeper
2%
Bana AmazonGrace Choi
1%
Steven HudakScorcher
1%

Score Distribution

Percentile by Number Answered

Percent of People with Each Score

Your Score History

You have not taken this quiz since the last reset